Hombres que ya no hacen sufrir por amor : transformando las masculinidades /

Збережено в:
Бібліографічні деталі
Автор: Herrera Gómez, Coral (autor)
Формат: Книга
Мова:Іспанська
Опубліковано: Madrid, España : Los Libros de la Catarata, 2019, c2019
Серія:(Los Libros de la Catarata Mayor)
Предмети:
Онлайн доступ:Ver documento en línea
Теги: Додати тег
Немає тегів, Будьте першим, хто поставить тег для цього запису!

MARC

LEADER 00000nam^a2200000^a^4500
001 000432395
005 20251023000000.0
009 20260310123013.42
020 |a 978-84-9097-598-5 
037 |a Acervo ITESO - Biblioteca 
041 |a ESP 
082 |a 305. 41  |b HER 
100 |a Herrera Gómez, Coral  |e (autor) 
245 1 0 |a Hombres que ya no hacen sufrir por amor :  |b transformando las masculinidades /  |c C. Herrera Gómez. 
264 4 |a Madrid, España :  |b Los Libros de la Catarata,  |c 2019, c2019 
264 2 |a Cartagena, España :  |b Odilo [distribución],  |c 2021 
300 |a 1 libro electrónico en línea (176 p.) 
300 |a 1 recurso en línea 
336 |a datos para computadora  |b cod  |2 rdacontenido 
337 |a computadora  |b c  |2 rdamedio 
338 |a recurso en línea  |b cr  |2 rdasoporte 
440 5 |a (Los Libros de la Catarata Mayor) 
506 1 |a 1 licencia para 25 préstamos 
521 |a Odilo 2021 DIA 
649 |a XX 
650 |a Hombres -  |x Condiciones Sociales y Culturales -  |x Tema Principal 
650 |a Mujeres -  |x Condiciones Sociales y Culturales 
650 |a Patriarcado 
650 |a Relaciones Intergénero 
650 |a Pasión Amorosa 
650 |a Amor 
650 |a Sexualidad 
650 |a Machismo 
650 |a Derechos Humanos 
650 |a Feminismo 
650 |a Género 
650 |a Sociología 
856 4 0 |u https://iteso-odilotk-es.ezproxy.iteso.mx/opac?id=01896352  |y Ver documento en línea 
910 |a Fondo General 
920 |a Electrónicos - Libros en Línea 
930 |a Plataforma Digital 
905 |a 205 
901 |a 432395-1  |b IT2  |c EBO  |i C174843  |u 20250521 
902 |a https://opac.biblio.iteso.mx/vufind/Record/000432395